Valoración de la transferencia de cortante en el sistema sismorresistente en la zona de cambio entre la plataforma y el sótano de edificios altos
Guardado en:
| Autor principal: | |
|---|---|
| Otros Autores: | |
| Formato: | Libro |
| Lenguaje: | Spanish |
| Publicado: |
[San José], Costa Rica,
2021
|
| Materias: | |
| Etiquetas: |
Agregar Etiqueta
Sin Etiquetas, Sea el primero en etiquetar este registro!
|
MARC
| LEADER | 00000nam a2200000Ia 4500 | ||
|---|---|---|---|
| 003 | 013378 | ||
| 005 | 20230328103039.0 | ||
| 008 | 140116s2021 cr a 000 ||spa d | ||
| 040 | |c cru CEDI | ||
| 100 | |a Cordero Arias, Daniela María, 1996- |9 115 | ||
| 245 | |a Valoración de la transferencia de cortante en el sistema sismorresistente en la zona de cambio entre la plataforma y el sótano de edificios altos | ||
| 260 | |a [San José], Costa Rica, |c 2021 | ||
| 500 | |a Proyecto de graduación (licenciatura en ingeniería civil)--Universidad de Costa Rica. Facultad de Ingeniería. Escuela de Ingeniería Civil | ||
| 501 | |a Director de Proyecto de Graduación: Ing. Carlos Fernández Chaves, MSc. | ||
| 650 | |x DISEÑO DE ESTRUCTURAS |x ESFUERZO CORTANTE |x SOTANOS |x EDIFICIOS ALTOS - DISEÑO Y CONSTRUCCION |x DINAMICA DE ESTRUCTURAS - METODOS |x RESISTENCIA DE MATERIALES |x CONSTRUCCIONES ANTISISMICAS |x DIAFRAGMAS (INGENIERIA ESTRUCTURAL) |x MUROS DE HORMIGON - PRUEBAS | ||
| 700 | |9 116 |a Fernández Chaves, Carlos |d Director del TFG | ||
| 942 | |c CEDI |h TFG 8529 |6 TFG_8529_000000000000000 | ||
| 999 | |c 21880 |d 21880 | ||
